000 00869nam a2200229Ii 4500
003 JO-AjNU
008 230605s9999||||xx |||||||||||||| ||und||
017 _a2004/7/1782
020 _a9957-16-041-9
040 _aJO-AjNU
_bara
_erda
_cJO-AjNU
041 _aara
050 1 4 _aKMM169.2.A2822.2007
100 3 _a العبودي ، عباس ,
_eauthor
_912660
245 0 0 _aشرح أحكام قانون التنفيذ " دراسة مقارنة معززة بالتطبيقات القضائية لمحكمة التمييز "
250 _aط1
264 3 1 _aعمان : دار الثقافة ، 2004
300 _a247ص
336 _atext
_btxt
_2rdacontent
337 _aunmediated
_bn
_2rdamedia
338 _avolume
_bnc
_2rdacarrier
650 4 _aالتشريعات الصناعية -- القانون المدني -- تنفيذ القانون -- الأردن
_912661
999 _aA2947
_c6515
_d6515